El giro pragmático en la filosofía

Uloženo v:
Podrobná bibliografie
Hlavní autoři: Cabanchik, Samuel (Autor), Penelas, Federico (Autor), Tozzi, Verónica (Autor)
Médium: Kniha
Jazyk:španělština
Vydáno: Barcelona Gedisa 2003
Vydání:1a. ed
Edice:Biblioteca Iberoamericana de Pensamiento
Témata:
Tagy: Přidat tag
Žádné tagy, Buďte první, kdo vytvoří štítek k tomuto záznamu!

MARC

LEADER 00000cam a2200000 a 4500
001 UCC8559
003 CL-VaPUC
008 190712e20030000sp |||||||||||||||||spa|d
020 |a 8474329868 
082 0 4 |a 144.3  |b CAB  |2 21 
100 0 |a Cabanchik, Samuel  |e author  |9 603217 
700 0 |a Penelas, Federico  |e author  |9 603218 
700 0 |a Tozzi, Verónica  |e author  |9 603219 
245 1 3 |a El giro pragmático en la filosofía 
250 |a 1a. ed 
300 |a 301 p 
942 |c BK 
945 |d 20190712 00:10:00  |a dcastane 
260 |a Barcelona  |b Gedisa  |c 2003 
600 0 7 |a WITTGENSTEIN, LUDWIG  |2 CL-VaPUC  |9 257080 
650 0 |a Pragmatismo  |9 316729 
650 0 |a Escuelas filosóficas   |9 266232 
650 0 |a Historia de la filosofía  |9 256920 
583 |a last modification  |c 20190712 00:10:00  |k Rodrigo Vera 
490 0 |a Biblioteca Iberoamericana de Pensamiento 
999 |c 374837  |d 374835 
952 |0 0  |1 0  |3 erb  |4 0  |6 144_300000000000000_CAB_2003  |7 0  |8 A  |9 493576  |a BIBEDU  |b BIBEDU  |i 5593476  |l 1  |o 144.3 CAB 2003  |p 5593476  |r 2024-04-17  |s 2024-04-17  |w 2019-11-24  |y BK  |z Catalogado en:20190712  |k FIL